|
|
|
|
| LEADER |
00000nam0a2200000 4500 |
| 001 |
270099 |
| 005 |
20231101234322.0 |
| 035 |
|
|
|a (RuTPU)RU\TPU\book\293279
|
| 035 |
|
|
|a RU\TPU\book\204820
|
| 090 |
|
|
|a 270099
|
| 100 |
|
|
|a 20140924d1902 k y0rusy50 ca
|
| 101 |
0 |
|
|a rus
|
| 102 |
|
|
|a UA
|
| 105 |
|
|
|a y z 001zy
|
| 200 |
1 |
|
|a Опытное исследование паровозов
|e с атласом из 17 таблиц
|f Н. И. Карташев (Карташов)
|
| 210 |
|
|
|a Харьков
|c Паровая тип. и лит. М. Зильберберг и С-вья
|d 1902
|
| 215 |
|
|
|a 350, XXXI с.
|
| 300 |
|
|
|a Текст в русской дореформенной орфографии
|
| 300 |
|
|
|a Дозволено цензурою. Харьков, 4-го Мая 1902 года
|
| 316 |
|
|
|5 63413507: М-132436
|a На переднем фрзаце и далее владельческий штамп: "Из книг инж. И. Н. Бутакова"
|
| 316 |
|
|
|5 63413507: М-132436
|a На переднем форзаце и титульном листе владельческая подпись: "Ин. Бутаков"
|
| 316 |
|
|
|5 63413507: М-132436
|a На титульном листе зачеркнуты инициалы: "А. Е[ремина]"
|
| 316 |
|
|
|5 63413507: ШкА/3142
|a Владельческий переплет ТТИ
|
| 317 |
|
|
|5 63413507: М-132436
|a Поступила в НТБ в 1970 г. в составе книжного собрания профессора ТПИ И. Н. Бутакова
|
| 320 |
|
|
|a Приложения: с. I-XXXI
|
| 606 |
1 |
|
|a Паровозостроение
|2 stltpush
|3 (RuTPU)RU\TPU\subj\48168
|9 67045
|
| 610 |
1 |
|
|a труды учёных ТПУ
|
| 610 |
1 |
|
|a паровозы
|
| 610 |
1 |
|
|a исследование
|
| 610 |
1 |
|
|a транспорт
|
| 610 |
1 |
|
|a подвижной состав
|
| 610 |
1 |
|
|a владельческая надпись
|
| 610 |
1 |
|
|a владельческие знаки
|
| 610 |
1 |
|
|a библиотека И. Н. Бутакова
|
| 610 |
1 |
|
|a коллекция ТПУ
|
| 675 |
|
|
|a 629.422
|v 3
|
| 700 |
|
1 |
|a Карташев (Карташов)
|b Н. И.
|c специалист в области паровозостроения
|c директор Томского технологического института (1911-1916), профессор
|f 1867-1943
|g Николай Иванович
|2 stltpush
|3 (RuTPU)RU\TPU\pers\20245
|
| 801 |
|
1 |
|a RU
|b 63413507
|c 20101210
|
| 801 |
|
2 |
|a RU
|b 63413507
|c 20191129
|g RCR
|
| 942 |
|
|
|c BK
|